| Tag |
First Indicator |
Second Indicator |
Subfields |
| LEADER |
00000cam a2200000 i 4500 |
| 001 |
in00000711925 |
| 005 |
20151016062921.0 |
| 008 |
790702s1979 mau b 00000deng |
| 010 |
|
|
|a 78070853
|
| 035 |
|
|
|a (OCoLC)04820434
|
| 035 |
|
|
|9 ADD5819AM
|
| 040 |
|
|
|a DLC
|c DLC
|d TXA
|d UtOrBLW
|
| 043 |
|
|
|a n-us---
|
| 049 |
|
|
|a TXAM
|c [1159070]
|
| 050 |
0 |
0 |
|a JK271
|b .B533 1979
|
| 082 |
0 |
|
|a 320.9/73/092
|
| 245 |
0 |
0 |
|a Behind the scenes in American government :
|b personalities and politics /
|c [compiled by] Peter Woll.
|
| 250 |
|
|
|a 2d ed.
|
| 264 |
|
1 |
|a Boston :
|b Little, Brown,
|c [1979]
|
| 264 |
|
4 |
|c ©1979
|
| 300 |
|
|
|a xvii, 326 pages ;
|c 23 cm.
|
| 336 |
|
|
|a text
|b txt
|2 rdacontent
|
| 337 |
|
|
|a unmediated
|b n
|2 rdamedia
|
| 338 |
|
|
|a volume
|b nc
|2 rdacarrier
|
| 504 |
|
|
|a Includes bibliographical references.
|
| 650 |
|
0 |
|a Politicians
|z United States.
|
| 650 |
|
0 |
|a Statesmen
|z United States.
|
| 651 |
|
0 |
|a United States
|x Politics and government
|y 20th century.
|
| 700 |
1 |
|
|a Woll, Peter,
|d 1933-
|
| 740 |
0 |
|
|a American government.
|
| 999 |
|
|
|a MARS
|
| 999 |
f |
f |
|s 9db7cc13-816e-347c-b3a0-9d016fe20a8d
|i 154e2f0c-2a0a-30fb-9c62-ba1ef2c76c6e
|t 0
|